Statistics for The Ultimate Quiz of Sport

Click here to take the quiz!

General Stats

  • This quiz has been taken 27 times
  • The average score is 5 of 15

Answer Stats

QuestionsAnswer% Correct
Which country were the 2014 Winter Olympics held?Russia
73%
Which year did Jessica Ennis-Hill win her Olympic Gold Medal?2012
62%
In which Countryy Muhammed Ali vs George 'The Rumble in the Jungle' Fought?Zaire
58%
Which golfer was the first to win the masters five times?Jack Nicklaus
50%
In 1977 which horse became the first to win three Grand Nationals?Red Rum
46%
In which sport can the Calcutta Cup be won?Rugby Union
38%
Who was the first woman to win an Olympic boxing title in 2012?Nicola Adams
35%
Which team won the 2017 NBA championships?Golden State Warriors
31%
What was the name of the horse that ws stolen on the 8th February 1983?Shergar
31%
Savate, wing chun and capoeira are all types of what?Martial Arts
23%
Which swimmer won two gold medals at the 2008 Beijing Paralympics at 13 years of age?Ellie Simmonds
19%
Which city hosted the 2017 Super Bowl?Houston
19%
Which sport do you associate sportswoman Bonnie Blair with?Speedskating
19%
Which footballer was the first to win the Champions league three ties with different teams?Clarence Seedorf
12%
Which sport has two different sized goals?Water Polo
4%

Score Distribution

Percentile by Number Answered

Percent of People with Each Score

Your Score History

You have not taken this quiz